Statistics for Major Wine-Making Regions of Italy

Click here to take the quiz!

General Stats

  • This quiz has been taken 39 times
  • The average score is 9 of 13

Answers on the Map

Answers color-coded by a green-red scale on the quiz's map according to % correct below.
 

Answer Stats

Answer% Correct
Piedmont
92%
Sicily
85%
Friuli-Venezia Giulia
77%
Tuscany
77%
Veneto
77%
Lazio
69%
Trentino-Alto Adige
69%
Campania
62%
Apulia
54%
Basilicata
54%
Abruzzo
46%
Marche
46%
Umbria
46%

Score Distribution

Percentile by Number Answered

Percent of People with Each Score

Your Score History

You have not taken this quiz